Cầu đường Việt Nam

Đã lưu trong:
Bibliografiske detaljer
Format: Bog
Sprog:Undetermined
Udgivet: Hà Nội Hội Khoa học Kỹ thuật cầu đường Việt Nam 2018
Fag:
Tags: Tilføj Tag
Ingen Tags, Vær først til at tagge denne postø!
Thư viện lưu trữ: Trung tâm Học liệu Trường Đại học Cần Thơ
LEADER 00602nam a2200181Ia 4500
001 CTU_235217
008 210402s9999 xx 000 0 und d
020 |c 0 
082 |a 624.2 
082 |b C125 
245 0 |a Cầu đường Việt Nam 
245 0 |c Hội Khoa học Kỹ thuật cầu đường Việt Nam 
260 |a Hà Nội 
260 |b Hội Khoa học Kỹ thuật cầu đường Việt Nam 
260 |c 2018 
650 |a Civil engineering,Công trình xây dựng 
904 |i T.Trang 
980 |a Trung tâm Học liệu Trường Đại học Cần Thơ